000 01717cam a2200481 4500
003 PE-LiUPU
005 20250731173431.0
020 _a0802842887
035 _a(Sirsi) i9780802842886
035 _a(Sirsi) 50592
035 _a(Sirsi) 50592
041 _aen
044 _aus
082 0 4 _a231.3
_bB14
100 1 _aBadcock, Gary D.
245 _aLight of truth and fire of lov :
_ba theology of the holy spirit /
_cGary D. Badcock.
264 1 _aMichigan :
_bWilliam B. Eerdmans Publishing Company,
_c1997
300 _a306 páginas ;
_c23 cm.
504 _aIncluye bibliografía
505 0 _aSpirit in biblical perspective -- The patristic consensus -- The filioque controversy -- The reformation traditon -- Experience of the Spirit -- The Spirit of Jesus Christ -- The holy Spirit in contemporary trinitarian theology -- A trinitarian
526 _aSEG42
526 _aSEG41
526 _aSEG40
526 _aSEG39
526 _aP94
526 _aP87
526 _aP86
526 _aP85
526 _aP77
526 _aP76
526 _aP35
650 1 4 _aEspíritu Santo
_91618
650 1 4 _aEspíritu Santo
_xHistoria de las doctrinas
650 1 4 _aPalabra de Dios (teología cristiana)
650 1 4 _aPalabra de Dios (teología cristiana)
_xHistoria de las doctrinas
859 _q44411
_h231.3
_iB14
910 _aaj-op
942 _2ddc
_cBOOK
949 _a231.3 B14
_i44411
_lPOSTGRADO
_mBUL
_tLIBRO
_o.STAFF. Posgrado
596 _a1
999 _a231.3 B14
_wDEWEY
_c55002
_i44411
_d55002
_f2021-11-9
_g6
_lCCODEBUL1
_mBUL
_q1
_r0
_sY
_tBOOK
_u2015-7-6
_xTEOLOGIA
_zUNKNOWN
_0COMPRA
_o.STAFF. Colección General
980 _81
_gALBERTO SANCHEZ Responsable de Automatización